000 00631nam a22002057a 4500
003 0
005 20251114114400.0
008 251114b xxu||||| |||| 00| 0 eng d
020 _a1-57748-678-1
050 _aBS 570
_b.S74 1998
100 _aStephens, Steve,
_eauthor.
245 _aThe Story teller beginnings :
_ba gallery of biblical portraits /
_cSteve Stephens.
260 _aUhrichsville, Ohio :
_bPromise Press,
_c1998.
300 _a192 pages ;
_c22 cm.
650 _aDevotional literature.
650 _aReligious life
_xChristianity.
650 _aBible
_xBiography.
650 _aBible
_xCharacters.
942 _2lcc
_cBK
999 _c368643
_d368643